000
00291nam a2200109Ia 4500
001
588978
005
20250717120840.0
008
250717s9999 xx 000 0 und d
245
0
_a
U-9 İBNİ HEYSEM
_c
AYŞEGÜL SÖZEN DAĞ
260
_b
TÜRKİYE DİYANET VAKFI YAYINLARI
_c
2020
300
_b
40
999
_c
588978
_d
588978